Science Quiz

Random Science or Blitz Quiz

Multiples of 6 Blitz Quiz Stats

 Plays Quiz Updated Mar 17, 2020

Support Sporcle.
Go Orange.
Score 0/24 Timer 00:30
4 Plays Today
% Correct
6
77.9%
12
71.5%
60
71%
24
70.2%
36
69.9%
18
68.6%
30
67.6%
66
65.9%
48
62.9%
42
61.7%
72
56.3%
54
55.8%
% Correct
120
55%
96
51.3%
90
47.5%
144
45%
108
40.9%
84
40.3%
132
36.8%
78
35.7%
126
35.4%
102
34.1%
114
26.6%
138
25.7%

From the Vault

Silver Sluggers (Shortstop)

by Frosty

Sports 7m
So once you win the Silver Slugger Award, what do you do with it? I mean it just so tall.
Remove Ads.
Support Sporcle.
Get the best of Sporcle when you Go Orange. This ad-free experience offers more features, more stats, and more fun while also helping to support Sporcle. Thank you for becoming a member.

Show Comments

Extras

Top Quizzes Today


Score Distribution

Your Account Isn't Verified!

In order to create a playlist on Sporcle, you need to verify the email address you used during registration. Go to your Sporcle Settings to finish the process.

Report this User

Report this user for behavior that violates our Community Guidelines.

Details: